Baudolino
Guardat en:
| Autor principal: | |
|---|---|
| Format: | Llibre |
| Idioma: | espanyol |
| Publicat: |
Barcelona
Lumen
2001
|
| Edició: | 5a. ed |
| Col·lecció: | Colección Palabra en el Tiempo, 309
|
| Matèries: | |
| Etiquetes: |
Afegir etiqueta
Sense etiquetes, Sigues el primer a etiquetar aquest registre!
|
MARC
| LEADER | 00000nam a2200000 a 4500 | ||
|---|---|---|---|
| 001 | UCM8784 | ||
| 003 | CL-VaPUC | ||
| 008 | 030328e20010000SP |||||||||||||||||spa|d | ||
| 082 | 0 | 4 | |a 853 |b ECO |2 21 |
| 100 | 0 | |a Eco, Umberto |e author |9 474977 | |
| 245 | 1 | 0 | |a Baudolino |
| 250 | |a 5a. ed | ||
| 300 | |a 531 p | ||
| 942 | |c BK | ||
| 945 | |d 20030328 00:00:00 |a vberengu | ||
| 260 | |a Barcelona |b Lumen |c 2001 | ||
| 650 | 7 | |a NOVELA ITALIANA |2 CL-VaPUC |9 307250 | |
| 650 | 0 | |a Literatura italiana |9 266970 | |
| 583 | |a last modification |c 20120330 11:52:13 |k Rodrigo Vera | ||
| 490 | 0 | |a Colección Palabra en el Tiempo, 309 | |
| 999 | |c 303207 |d 303205 | ||
| 952 | |0 0 |1 0 |4 0 |6 853_000000000000000_ECO_2001 |7 0 |8 R |9 364361 |a BIBEDU |b BIBEDU |c MCIRC |d 2019-11-21 |i 388872K |o 853 ECO 2001 |p 388872K |r 2023-01-13 |w 2019-11-21 |y BK_R |k LIT | ||